Statistics for NFL Teams by Value

Click here to take the quiz!

General Stats

  • This quiz has been taken 63 times
    (36 since last reset)
  • The average score is 10 of 32

Answer Stats

ValueTeam% Correct
$8 BDallas Cowboys
100%
$6.4 BNew England Patriots
82%
$6 BNew York Giants
76%
$6.2 BLos Angeles Rams
71%
$5.8 BChicago Bears
59%
$5.2 BSan Francisco 49ers
53%
$5.4 BNew York Jets
47%
$4.7 BHouston Texans
41%
$4.9 BPhiladelphia Eagles
41%
$5.6 BWashington Commanders
35%
$3 BCincinnati Bengals
29%
$4.65 BDenver Broncos
29%
$3.05 BDetroit Lions
29%
$4.25 BGreen Bay Packers
29%
$5.1 BLas Vegas Raiders
29%
$4.6 BMiami Dolphins
29%
$4.5 BSeattle Seahawks
29%
$3.8 BIndianapolis Colts
24%
$3.575 BNew Orleans Saints
24%
$4 BAtlanta Falcons
18%
$3.4 BBuffalo Bills
18%
$3.5 BTennessee Titans
18%
$3.27 BArizona Cardinals
12%
$3.9 BBaltimore Ravens
12%
$3.6 BCarolina Panthers
12%
$3.85 BCleveland Browns
6%
$3.475 BJacksonville Jaguars
6%
$3.7 BKansas City Chiefs
6%
$3.875 BLos Angeles Chargers
6%
$3.925 BMinnesota Vikings
6%
$3.975 BPittsburgh Steelers
6%
$3.675 BTampa Bay Buccaneers
6%

Score Distribution

Percentile by Number Answered

Percent of People with Each Score

Your Score History

You have not taken this quiz since the last reset